MARC details
| 000 -CABECERA |
| campo de control de longitud fija |
01198nam a2200301 a 4500 |
| 001 - NÚMERO DE CONTROL |
| campo de control |
000005445 |
| 003 - IDENTIFICADOR DEL NÚMERO DE CONTROL |
| campo de control |
DO-SdBNP |
| 005 - FECHA Y HORA DE LA ÚLTIMA TRANSACCIÓN |
| campo de control |
20240418133918.0 |
| 008 - DATOS DE LONGITUD FIJA--INFORMACIÓN GENERAL |
| campo de control de longitud fija |
090819s1993 es a 001 0 spa d |
| 020 ## - NÚMERO INTERNACIONAL ESTÁNDAR DEL LIBRO |
| Número Internacional Estándar del Libro |
8400073827 |
| 040 ## - FUENTE DE LA CATALOGACIÓN |
| Centro catalogador/agencia de origen |
DO-SdBNP |
| Lengua de catalogación |
spa |
| Centro/agencia transcriptor |
BNPHU |
| 082 ## - NÚMERO DE LA CLASIFICACIÓN DECIMAL DEWEY |
| Número de clasificación |
631.4 |
| Número de documento/Ítem |
S989r |
| Número de edición |
22 |
| 111 1# - ENTRADA PRINCIPAL--NOMBRE DE CONGRESO/REUNIÓN |
| Nombre de congreso/reunión o jurisdicción como elemento de entrada |
Symposium sobre la raña en España y Portugal. |
| Fecha del congreso/reunión |
(25-30 de octubre de 1992 : |
| Sede del congreso/Lugar de la reunión |
Madrid) |
| 9 (RLIN) |
15469 |
| 245 13 - MENCIÓN DE TÍTULO |
| Título |
La raña en España y Portugal / |
| Mención de responsabilidad, etc. |
coordinación Ascensión Pinilla. |
| 260 ## - PUBLICACIÓN, DISTRIBUCIÓN, ETC. |
| Lugar de publicación, distribución, etc. |
Madrid : |
| Nombre del editor, distribuidor, etc. |
Centro de Ciencia Medioambientes CSIC, |
| Fecha de publicación, distribución, etc. |
1993. |
| 300 ## - DESCRIPCIÓN FÍSICA |
| Extensión |
395 p. : |
| Otras características físicas |
il. ; |
| Dimensiones |
30 cm. |
| 490 1# - MENCIÓN DE SERIE |
| Mención de serie |
Monografía del centro de ciencias medioambienteles CSIC ; |
| Designación de volumen o secuencia |
2 |
| 500 ## - NOTA GENERAL |
| Nota general |
Incluye tabla de contenido. |
| 650 #4 - PUNTO DE ACCESO ADICIONAL DE MATERIA--TÉRMINO DE MATERIA |
| Término de materia o nombre geográfico como elemento de entrada |
Edalofogía |
| 9 (RLIN) |
15470 |
| 650 #4 - PUNTO DE ACCESO ADICIONAL DE MATERIA--TÉRMINO DE MATERIA |
| Término de materia o nombre geográfico como elemento de entrada |
Geomorfología |
| Subdivisión geográfica |
España |
| 9 (RLIN) |
15471 |
| 650 #4 - PUNTO DE ACCESO ADICIONAL DE MATERIA--TÉRMINO DE MATERIA |
| Término de materia o nombre geográfico como elemento de entrada |
Estratigrafía |
| Subdivisión general |
Plioceno |
| Subdivisión de forma |
Congresos, conferencias, etc. |
| 9 (RLIN) |
15474 |
| 650 #4 - PUNTO DE ACCESO ADICIONAL DE MATERIA--TÉRMINO DE MATERIA |
| Término de materia o nombre geográfico como elemento de entrada |
Sedimentación |
| 9 (RLIN) |
15475 |
| 651 #4 - PUNTO DE ACCESO ADICIONAL DE MATERIA--NOMBRE GEOGRÁFICO |
| Nombre geográfico |
España |
| Subdivisión general |
Suelos |
| Subdivisión de forma |
Congresos, conferencias . etc. |
| 9 (RLIN) |
15472 |
| 651 #4 - PUNTO DE ACCESO ADICIONAL DE MATERIA--NOMBRE GEOGRÁFICO |
| Nombre geográfico |
Portugal |
| Subdivisión de forma |
Congresos, conferencias, etc. |
| Subdivisión general |
Suelos |
| 9 (RLIN) |
15473 |
| 700 1# - PUNTO DE ACCESO ADICIONAL--NOMBRE DE PERSONA |
| Nombre de persona |
Pinilla, Ascensión |
| 9 (RLIN) |
15476 |
| 830 #0 - PUNTO DE ACCESO ADICIONAL DE SERIE-TÍTULO UNIFORME |
| Título uniforme |
Monografía del centro de ciencias medioambienteles CSIC ; |
| Designación de volumen o secuencia |
2 |
| 9 (RLIN) |
15477 |
| 942 ## - ELEMENTOS DE PUNTO DE ACCESO ADICIONAL (KOHA) |
| Fuente del sistema de clasificación o colocación |
Dewey Decimal Classification |
| Tipo de ítem Koha |
Libro |